| 000 | 00702nam a2200241Ia 4500 | ||
|---|---|---|---|
| 003 | OSt | ||
| 005 | 20240930115255.0 | ||
| 008 | 210329s9999||||xx |||||||||||||| ||und|| | ||
| 020 | _a9780000102706 | ||
| 040 | _cSTCPL | ||
| 041 | _aMAL | ||
| 082 |
_aM3 _bRAM-R |
||
| 100 |
_aRaman Pillai, C V _qസി വി രാമൻപിള്ള |
||
| 245 | 0 |
_aRamarajabahadur / _cby C V Raman Pillai _hരാമരാജാബഹദൂര് |
|
| 260 |
_aKottayam : _bSahitya Pravarthaka Co-operative Society Ltd. , _c1973 . |
||
| 300 |
_a438 p. _bPB |
||
| 650 | _aMalayalam novel | ||
| 650 | _aMalayalam fiction | ||
| 650 | _aGeneral reading | ||
| 650 | _aResearch | ||
| 942 | _cBK | ||
| 942 | _2ddc | ||
| 999 |
_c72466 _d72466 |
||